| 000 | 00378nam a2200121Ia 4500 | ||
|---|---|---|---|
| 008 | 191206s9999 xx 000 0 und d | ||
| 020 | _a9.78178E+12 | ||
| 090 | _aDT2996.H37 | ||
| 245 | 0 | _ahard road to reform: the politics of Zimbabwe's Global Political Agreement | |
| 260 | _cc2013 | ||
| 300 | _a"xxv, 255 pages : illustrations ; 21 cm" | ||
| 999 |
_c16120 _d16120 |
||